| 000 | 00966nam a2200325Ia 4500 | ||
|---|---|---|---|
| 001 | Para_10503 | ||
| 003 | CHAP | ||
| 008 | 220125s2017 xx 000 0 und d | ||
| 010 | _a204433 | ||
| 020 | _a978 - 84 - 9927 - 362 - 4 | ||
| 040 | _cCHAP | ||
| 082 | _aPA 581.1 P56 2017 | ||
| 100 |
_aPineda, Manuel _9170365 |
||
| 245 |
_aResúmenes de Fisiología Vefgetal / _c Manuel Pineda; colaboradores, Eloísa Agüera... [et. al.] |
||
| 250 | _a3 | ||
| 260 |
_aEspaña : _b UCOPress |
||
| 300 | _a236 p. | ||
| 500 | _aEn cada unidad incluye lecturas recomendadas | ||
| 650 |
_aFisiología Vegetal _941136 |
||
| 700 |
_aGálvez _x Valdivieso, Gregorio _9170366 |
||
| 700 |
_aI.Agüera Buendía, Eloísa _9170367 |
||
| 700 |
_aPiedras, Pedro _9170368 |
||
| 901 | _aPA 581.1 P56 2017 | ||
| 902 | _aA | ||
| 905 | _a5232202017 sp anm 8000000300spa06 | ||
| 910 | _a2017 | ||
| 942 | _cPARA | ||
| 942 |
_cPARA _d1 |
||
| 999 |
_c204433 _d204433 |
||